000 00570nas a2200217 4500
001 BR9404816
003 BR-BrBNA
005 20231205093709.0
007 ta
008 230509b bl.|||p| |||| 00| 00por d
040 _aBR-BrBNA
_bpor
_cBiblioteca Nacional de Agricultura
041 _a(Pt)
072 _aM11
100 1 _aMafei, M.
245 1 _aAnequim
650 _aCacao
650 _aPesca
773 0 _tGlobo Rural (Brazil)
_xISSN 0102-6178
_g(Nov-Dec 1988), v. 4(38) p. 62-69
_wBR9404816
909 _a202311
_bLúcia
_c55
_dLúcia Elande
942 _2AGRIS
_n0
_cANA
999 _c139936
_d139936